[Event "Det Ã¥pne NM 2013 Gruppe A"]
[Site "Quality Hotel & Resort Fagerne"]
[Date "2013.03.24"]
[Round "2"]
[White "Ninov, Nikolai"]
[Black "Stenersen, Gudmund"]
[Result "1-0"]
[WhiteElo "2508"]
[BlackElo "2219"]
[PlyCount "82"]
[EventDate "2013.??.??"]

1. e4 e5 2. Nf3 Nc6 3. Nc3 Nf6 4. a3 a6 5. d4 exd4 6. Nxd4 Bc5 7. Nxc6 bxc6 8.
e5 Qe7 9. Qe2 Nd5 10. Ne4 Bd4 11. c4 Nb6 12. Bg5 Qe6 13. O-O-O c5 14. f4 Bb7
15. Ng3 Na4 16. Rd2 Qb6 17. Nf5 h6 18. Bh4 Rb8 19. Nxd4 cxd4 20. Qg4 Rg8 21.
Qd1 Nc3 22. Qc2 Ne4 23. Rd1 g5 24. fxg5 hxg5 25. Be1 a5 26. Bd3 Nc5 27. Bf5 d3
28. Bxd3 Nxd3+ 29. Qxd3 Bxg2 30. Bc3 Bxh1 31. Qxd7+ Kf8 32. Rf1 Bf3 33. Rxf3
Qg1+ 34. Kd2 Qxh2+ 35. Kd3 Qh5 36. Ke3 Re8 37. Qxc7 g4 38. Qd6+ Re7 39. Rf4 Qg5
40. e6 Rg6 41. Kd3 Qxf4 1-0

[Event "Det Ã¥pne NM 2013 Gruppe A"]
[Site "Quality Hotel & Resort Fagerne"]
[Date "2013.03.24"]
[Round "2"]
[White "Tari, Aryan"]
[Black "Pap, Misa"]
[Result "1-0"]
[WhiteElo "2293"]
[BlackElo "2511"]
[PlyCount "67"]
[EventDate "2013.??.??"]

1. e4 e5 2. Nf3 Nc6 3. Bc4 Bc5 4. b4 Bxb4 5. c3 Be7 6. d4 Na5 7. Be2 exd4 8.
cxd4 Nf6 9. d5 O-O 10. e5 Ne8 11. Bd2 b6 12. Bxa5 bxa5 13. Nc3 Bb4 14. Qc2 f6
15. a3 Bxc3+ 16. Qxc3 fxe5 17. Qxe5 Nd6 18. O-O Rf5 19. Qd4 Bb7 20. Ne5 Qf6 21.
f4 g5 22. Bg4 Rxf4 23. Rxf4 gxf4 24. Bxd7 Nc4 25. Be6+ Kh8 26. Qxc4 Qxe5 27.
Rb1 Qe3+ 28. Kf1 f3 29. Rxb7 fxg2+ 30. Kxg2 Rf8 31. Rb2 Qf3+ 32. Kg1 Qe3+ 33.
Kh1 Qc1+ 34. Qxc1 1-0

[Event "Det Ã¥pne NM 2013 Gruppe A"]
[Site "Quality Hotel & Resort Fagerne"]
[Date "2013.03.24"]
[Round "2"]
[White "Rozentalis, Eduardas"]
[Black "Taksrud, Vidar"]
[Result "1-0"]
[WhiteElo "2616"]
[BlackElo "2089"]
[PlyCount "83"]
[EventDate "2013.??.??"]

1. e4 d5 2. exd5 Nf6 3. Bb5+ c6 4. dxc6 bxc6 5. Be2 e5 6. d3 Bc5 7. Nf3 Qe7 8.
Nc3 O-O 9. O-O Rd8 10. Bg5 h6 11. Bxf6 Qxf6 12. Ne4 Qe7 13. Nxc5 Qxc5 14. Nd2
Bf5 15. Bf3 a5 16. a4 Nd7 17. Re1 Ra6 18. Qc1 Nb6 19. Nb3 Qd6 20. Qe3 Nd7 21.
Nd2 Be6 22. b3 Qb4 23. Qe2 c5 24. Rad1 Ra7 25. g3 f6 26. Bg2 Nf8 27. Rf1 Qd4
28. Kh1 Rad7 29. Ne4 c4 30. bxc4 f5 31. Nd2 e4 32. Nb3 exd3 33. cxd3 Qb6 34.
Qc2 Qb4 35. Bc6 Rc7 36. Bb5 Bd5+ 37. f3 Ne6 38. Qa2 Ba8 39. d4 Qc3 40. d5 Ng5
41. Nd4 Rc5 42. Qb3 1-0

[Event "Det Ã¥pne NM 2013 Gruppe A"]
[Site "Quality Hotel & Resort Fagerne"]
[Date "2013.03.24"]
[Round "3"]
[White "Hammer, Jon Ludvig"]
[Black "Tari, Aryan"]
[Result "0-1"]
[WhiteElo "2629"]
[BlackElo "2293"]
[PlyCount "98"]
[EventDate "2013.??.??"]

1. d4 Nf6 2. c4 e6 3. Nf3 d5 4. Nc3 Bb4 5. Bg5 h6 6. Bxf6 Qxf6 7. Qa4+ Nc6 8.
e3 O-O 9. Be2 Bd7 10. Rc1 Qe7 11. Qc2 dxc4 12. Bxc4 e5 13. O-O exd4 14. Nd5 Qd6
15. exd4 Be6 16. Ne3 Nxd4 17. Nxd4 Qxd4 18. Bxe6 fxe6 19. Qxc7 Rf7 20. Qc2 Raf8
21. Qb3 Bd2 22. Qxe6 Bxc1 23. Rxc1 Qxb2 24. Rf1 Qe2 25. h3 Kh8 26. Qg4 Qxa2 27.
Qg3 Qa3 28. Qe5 Qe7 29. Qd4 b5 30. Ng4 Rf4 31. Qb2 h5 32. Ne5 Qf6 33. Qxb5 Rf5
34. Re1 Rxf2 35. Qc5 Rf1+ 36. Rxf1 Qxf1+ 37. Kh2 Qf4+ 38. Kg1 Rf5 39. Qc8+ Kh7
40. Nf3 a5 41. Qc2 g6 42. Qc6 Qe3+ 43. Kh2 Qe7 44. h4 Rc5 45. Qa4 Qc7+ 46. Kh3
Rc4 47. Qa2 Qd7+ 48. Kh2 Qd6+ 49. g3 Qc7 0-1

[Event "Det Ã¥pne NM 2013 Gruppe A"]
[Site "Quality Hotel & Resort Fagerne"]
[Date "2013.03.24"]
[Round "3"]
[White "Byklum, BjÃ¸rnar"]
[Black "Rozentalis, Eduardas"]
[Result "1/2-1/2"]
[WhiteElo "2296"]
[BlackElo "2616"]
[PlyCount "53"]
[EventDate "2013.??.??"]

1. d4 Nf6 2. c4 e6 3. Nc3 Bb4 4. e3 b6 5. Nge2 Ba6 6. a3 Be7 7. Nf4 O-O 8. b4
d5 9. b5 Bb7 10. cxd5 exd5 11. Bb2 c5 12. Be2 cxd4 13. Qxd4 Bc5 14. Qd2 d4 15.
exd4 Qxd4 16. Qxd4 Bxd4 17. Rd1 Be5 18. Nd3 Bc7 19. Nb4 Nbd7 20. Ncd5 Nxd5 21.
Nxd5 Bxd5 22. Rxd5 Nc5 23. O-O Rae8 24. Bf3 Re7 25. g3 Rfe8 26. Bd4 Ne6 27. Be3
1/2-1/2

[Event "Det Ã¥pne NM 2013 Gruppe A"]
[Site "Quality Hotel & Resort Fagerne"]
[Date "2013.03.24"]
[Round "3"]
[White "Turov, Maxim"]
[Black "Jacobsen, Fredrik Beer"]
[Result "1-0"]
[WhiteElo "2599"]
[BlackElo "1910"]
[PlyCount "81"]
[EventDate "2013.??.??"]

1. d4 Nf6 2. c4 g6 3. Nc3 Bg7 4. e4 d6 5. f4 O-O 6. Nf3 Na6 7. Bd3 e5 8. fxe5
dxe5 9. d5 Nc5 10. Bc2 a5 11. O-O Qe7 12. Bg5 h6 13. Bh4 g5 14. Bg3 Bg4 15. h3
Bh5 16. Qe1 Ne8 17. Kh1 Bg6 18. Nd2 h5 19. Bf2 h4 20. Be3 b6 21. g4 hxg3 22.
Qxg3 Bh6 23. Rg1 f6 24. h4 Kg7 25. Rg2 Nd6 26. Rag1 Rh8 27. Rh2 Rag8 28. Rgg2
g4 29. Bxh6+ Rxh6 30. Qxg4 Kf7 31. Qf3 Rgh8 32. Kg1 Rh5 33. Bd1 R5h6 34. Bc2
Qd7 35. Qg3 Qe7 36. a3 f5 37. h5 Bxh5 38. exf5 Qf6 39. b4 axb4 40. axb4 e4 41.
bxc5 1-0

[Event "Det Ã¥pne NM 2013 Gruppe A"]
[Site "Quality Hotel & Resort Fagerne"]
[Date "2013.03.24"]
[Round "3"]
[White "Agdestein, Simen"]
[Black "Hansen, TorbjÃ¸rn Ringdal"]
[Result "1-0"]
[WhiteElo "2555"]
[BlackElo "2463"]
[PlyCount "67"]
[EventDate "2013.??.??"]

1. d4 Nf6 2. c4 g6 3. Nc3 Bg7 4. e4 d6 5. Nf3 O-O 6. h3 e5 7. d5 Nh5 8. g3 a5
9. Bg2 Na6 10. O-O Nc5 11. Bg5 Qe8 12. Nb5 f6 13. Be3 Qf7 14. Nh4 Na6 15. Bf3
Bxh3 16. Bxh5 gxh5 17. Nf5 Nc5 18. Bxc5 dxc5 19. Kh2 Bg4 20. Qd3 Kh8 21. Kg2
Bxf5 22. exf5 Bh6 23. Rad1 Rad8 24. d6 cxd6 25. Qd5 Qg7 26. Rh1 Qg4 27. Qf3
Qxf3+ 28. Kxf3 Rd7 29. Rxh5 Bg5 30. Ke4 Re8 31. Rhh1 Ree7 32. Rxd6 Rxd6 33.
Nxd6 Rd7 34. Kd5 1-0

[Event "Det Ã¥pne NM 2013 Gruppe A"]
[Site "Quality Hotel & Resort Fagerne"]
[Date "2013.03.24"]
[Round "3"]
[White "Kveinys, Aloyzas"]
[Black "Astrup, Kim Chr"]
[Result "1-0"]
[WhiteElo "2528"]
[BlackElo "2256"]
[PlyCount "62"]
[EventDate "2013.??.??"]

1. d4 d5 2. Nf3 Nf6 3. c4 c6 4. e3 Bf5 5. Nc3 a6 6. Bd2 h6 7. Qb3 Ra7 8. cxd5
cxd5 9. Rc1 e6 10. Bb5+ Nbd7 11. O-O Be7 12. Bxd7+ Nxd7 13. Na4 a5 14. Nc5 Nxc5
15. dxc5 O-O 16. Nd4 a4 17. Qb5 Qc7 18. Nxf5 exf5 19. Bc3 f4 20. exf4 Qxf4 21.
Rfe1 Bg5 22. Rcd1 Qc4 23. Qb6 Rfa8 24. Rd4 Qxa2 25. Rg4 a3 26. h4 d4 27. Bxd4
Qd5 28. bxa3 f5 29. Rg3 Qxd4 30. Qe6+ Kh8 31. hxg5 Rxa3 1-0

[Event "Det Ã¥pne NM 2013 Gruppe A"]
[Site "Quality Hotel & Resort Fagerne"]
[Date "2013.03.24"]
[Round "3"]
[White "Galinsky, Timofey"]
[Black "Johannessen, Leif E"]
[Result "1/2-1/2"]
[WhiteElo "2416"]
[BlackElo "2521"]
[PlyCount "50"]
[EventDate "2013.??.??"]

1. d4 Nf6 2. Nf3 e6 3. e3 b6 4. Bd3 Bb7 5. Nbd2 c5 6. O-O Be7 7. Qe2 cxd4 8.
exd4 O-O 9. c3 d6 10. a4 a6 11. Re1 Re8 12. a5 b5 13. c4 Nc6 14. cxb5 axb5 15.
Nb3 Nxa5 16. Nxa5 Rxa5 17. Bd2 Rxa1 18. Rxa1 Bxf3 19. Qxf3 Qb6 20. Ra5 d5 21.
Rxb5 Qxd4 22. Bc3 Qa7 23. g3 Rc8 24. Qf4 h6 25. Rb8 Qd7 1/2-1/2

[Event "Det Ã¥pne NM 2013 Gruppe A"]
[Site "Quality Hotel & Resort Fagerne"]
[Date "2013.03.24"]
[Round "3"]
[White "Pap, Misa"]
[Black "Kristiansen, Willy"]
[Result "0-1"]
[WhiteElo "2511"]
[BlackElo "2011"]
[PlyCount "106"]
[EventDate "2013.??.??"]

1. e4 e5 2. Nf3 Nc6 3. Bb5 a6 4. Ba4 Nf6 5. d3 d6 6. c3 Be7 7. O-O O-O 8. Re1
b5 9. Bb3 Na5 10. Bc2 c5 11. Nbd2 Nc6 12. Nf1 Re8 13. h3 h6 14. d4 cxd4 15.
cxd4 Qc7 16. d5 Nb4 17. Bb1 a5 18. a3 Na6 19. Bd3 Bd7 20. Be3 a4 21. Rc1 Qb7
22. g4 Rac8 23. Qe2 Nh7 24. Kg2 Bg5 25. Nxg5 hxg5 26. Ng3 g6 27. Rh1 f6 28.
Rxc8 Rxc8 29. h4 gxh4 30. Rxh4 Nc5 31. Bc2 b4 32. Qf3 bxa3 33. bxa3 Be8 34.
Rxh7 Qxh7 35. Qxf6 Nd7 36. Qe6+ Qf7 37. Qxf7+ Kxf7 38. Bxa4 Ra8 39. Bd1 Rxa3
40. g5 Nb8 41. Bb6 Ke7 42. Be2 Bd7 43. Nf1 Bh3+ 44. Kh2 Bxf1 45. Bxf1 Nd7 46.
Be3 Nc5 47. Bg2 Ra4 48. f3 Ra3 49. Bg1 Kd8 50. Kg3 Nxe4+ 51. Kg4 Nc3 52. f4 Ne2
53. Bh2 Ra4 0-1

[Event "Det Ã¥pne NM 2013 Gruppe A"]
[Site "Quality Hotel & Resort Fagerne"]
[Date "2013.03.24"]
[Round "3"]
[White "Elsness, Frode"]
[Black "Frisk, Ellinor"]
[Result "1-0"]
[WhiteElo "2483"]
[BlackElo "2193"]
[PlyCount "165"]
[EventDate "2013.??.??"]

1. d4 d5 2. c4 c6 3. Nf3 Nf6 4. Nc3 dxc4 5. a4 e6 6. e3 c5 7. Bxc4 Nc6 8. O-O
cxd4 9. exd4 Be7 10. Qe2 O-O 11. Rd1 Nb4 12. Ne5 Bd7 13. Bg5 Rc8 14. Rac1 Nfd5
15. Bxe7 Qxe7 16. Bb3 Rfd8 17. Qf3 Bc6 18. Qg3 h6 19. Ne4 Nf6 20. Nc5 Bd5 21.
a5 Ne4 22. Nxe4 Bxe4 23. Rc3 Bd5 24. Bxd5 Nxd5 25. Rf3 Nf6 26. h3 Rc7 27. Kh2
Nh5 28. Qg4 Qg5 29. Qe4 Nf6 30. Qd3 Nd5 31. Qb3 Nf4 32. Rg3 Qf5 33. Qf3 g5 34.
h4 f6 35. Ng4 Kg7 36. Ne3 Qg6 37. d5 exd5 38. Nxd5 Rxd5 39. Rxd5 Nxd5 40. Qxd5
Qf7 41. Qd1 Qc4 42. Rg4 Qc2 43. Qd4 Qc5 44. Qd8 Qe7 45. Qd3 Rd7 46. Re4 Qf7 47.
Qe3 a6 48. f4 Qd5 49. hxg5 hxg5 50. fxg5 Qxg5 51. Qh3 f5 52. Rb4 Qh6 53. Rb6
Qxh3+ 54. Kxh3 Kf8 55. Kg3 Ke8 56. Kf4 Rf7 57. Ke5 Kd8 58. Ke6 Rf8 59. Rxb7 Kc8
60. Ra7 Kb8 61. Rxa6 Rg8 62. Rb6+ Ka7 63. Kxf5 Rxg2 64. Ke4 Re2+ 65. Kd3 Re5
66. b4 Rh5 67. Kc4 Rg5 68. Rh6 Rg4+ 69. Kb5 Rg5+ 70. Ka4 Rg4 71. Rh5 Ka6 72.
Rc5 Rh4 73. Rc6+ Kb7 74. Rc3 Ka6 75. Kb3 Kb7 76. b5 Rg4 77. Rc4 Rg5 78. Kb4 Rh5
79. Rg4 Rh7 80. a6+ Ka7 81. Ka5 Kb8 82. Rg8+ Ka7 83. b6# 1-0

[Event "Det Ã¥pne NM 2013 Gruppe A"]
[Site "Quality Hotel & Resort Fagerne"]
[Date "2013.03.24"]
[Round "3"]
[White "Urkedal, Frode Olav Olsen"]
[Black "Bentsen, HÃ¥kon"]
[Result "1/2-1/2"]
[WhiteElo "2470"]
[BlackElo "2106"]
[PlyCount "91"]
[EventDate "2013.??.??"]

1. d4 d5 2. c4 e6 3. Nc3 Nf6 4. Bg5 Nbd7 5. e3 c6 6. Nf3 Qa5 7. cxd5 exd5 8.
Bd3 Ne4 9. O-O Nxg5 10. Nxg5 Be7 11. Qh5 g6 12. Qh6 Bf8 13. Qh4 Qd8 14. Qg3 Bh6
15. h4 O-O 16. e4 dxe4 17. Ncxe4 Nf6 18. Nxf6+ Qxf6 19. Rad1 Rd8 20. Bc4 Bxg5
21. hxg5 Qd6 22. Qh4 Be6 23. Bxe6 fxe6 24. Rfe1 Rf8 25. Re5 Rad8 26. Qe4 Rfe8
27. Qe2 Re7 28. a3 Rf8 29. g3 Rf5 30. f4 Kf7 31. Kh2 Rd7 32. b4 Rxe5 33. fxe5
Qe7 34. Qe3 Qd8 35. Qf4+ Kg8 36. Qg4 Rf7 37. Qxe6 Kg7 38. Qg4 Rf5 39. Rd2 Rxe5
40. dxe5 Qxd2+ 41. Kg1 Qe1+ 42. Kg2 Qxe5 43. Qd7+ Kf8 44. Qxb7 Qe2+ 45. Kg1
Qe1+ 46. Kg2 1/2-1/2

[Event "Det Ã¥pne NM 2013 Gruppe A"]
[Site "Quality Hotel & Resort Fagerne"]
[Date "2013.03.24"]
[Round "3"]
[White "Arvola, Benjamin"]
[Black "GrÃ¸nnestad, Anita"]
[Result "1-0"]
[WhiteElo "2355"]
[BlackElo "2001"]
[PlyCount "81"]
[EventDate "2013.??.??"]

1. e4 e5 2. Nf3 Nf6 3. Nc3 Nc6 4. d4 exd4 5. Nxd4 Bc5 6. Be3 Bxd4 7. Bxd4 Nxd4
8. Qxd4 d6 9. O-O-O O-O 10. e5 Ne8 11. Bd3 Qg5+ 12. Kb1 dxe5 13. Qc5 Be6 14.
Bxh7+ Kxh7 15. Qxf8 c6 16. h4 Qg4 17. f3 Qc4 18. Qe7 b5 19. h5 Nf6 20. h6 Re8
21. hxg7+ Kxg7 22. Qxa7 b4 23. Qe3 Qf4 24. Qxf4 exf4 25. Ne4 Nd5 26. g3 f5 27.
Nd6 Ra8 28. Rde1 Ne3 29. gxf4 Bxa2+ 30. Kc1 Bd5 31. Reg1+ Ng4 32. Nxf5+ Kf6 33.
Nd4 c5 34. Nb3 Nf2 35. Rh6+ Kf7 36. Rg2 Bxb3 37. Rxf2 Bc4 38. b3 Bd5 39. Rh5
Ra1+ 40. Kd2 Ke6 41. Ke3 1-0

[Event "Det Ã¥pne NM 2013 Gruppe A"]
[Site "Quality Hotel & Resort Fagerne"]
[Date "2013.03.24"]
[Round "3"]
[White "Haug, Johannes"]
[Black "Getz, Nicolai"]
[Result "0-1"]
[WhiteElo "1990"]
[BlackElo "2352"]
[PlyCount "98"]
[EventDate "2013.??.??"]

1. c4 b6 2. Nc3 Bb7 3. e4 e5 4. Nf3 Nc6 5. d3 g6 6. Bg5 Be7 7. Bxe7 Ngxe7 8.
Nd5 d6 9. Qd2 h6 10. d4 f5 11. exf5 Nxf5 12. Bd3 Ncxd4 13. Nxd4 Nxd4 14. Bxg6+
Kd7 15. O-O-O Bxd5 16. cxd5 Qg5 17. Qxg5 hxg5 18. Be4 Raf8 19. f3 c5 20. dxc6+
Ke6 21. Rxd4 exd4 22. b4 a6 23. a4 b5 24. Bd3 Kd5 25. Be4+ Ke6 26. Bd3 d5 27.
axb5 axb5 28. Bxb5 Kd6 29. Bd3 Kxc6 30. b5+ Kd6 31. h3 Rc8+ 32. Kd2 Ra8 33. Bf5
Rhb8 34. Kd3 Ra3+ 35. Kxd4 Rxb5 36. Rb1 Rxb1 37. Bxb1 Ra4+ 38. Ke3 Ke5 39. g3
Ra3+ 40. Bd3 d4+ 41. Ke2 Ra2+ 42. Kf1 Rd2 43. Be4 d3 44. h4 gxh4 45. gxh4 Kf4
46. h5 Ke3 47. h6 Rh2 48. h7 d2 49. Bc2 Rxh7 0-1

[Event "Det Ã¥pne NM 2013 Gruppe A"]
[Site "Quality Hotel & Resort Fagerne"]
[Date "2013.03.24"]
[Round "3"]
[White "Dolzhikova, Olga"]
[Black "Merkesvik, Sondre"]
[Result "1-0"]
[WhiteElo "2270"]
[BlackElo "1922"]
[PlyCount "73"]
[EventDate "2013.??.??"]

1. e4 Nf6 2. e5 Nd5 3. d4 d6 4. c4 Nb6 5. exd6 exd6 6. Nc3 Nc6 7. h3 Bf5 8. Be3
Be7 9. Nf3 O-O 10. d5 Nb8 11. g4 Bg6 12. Qd2 N8d7 13. h4 f5 14. h5 Be8 15. g5
Ne5 16. Nxe5 dxe5 17. f4 exf4 18. Bxf4 Bd6 19. O-O-O Bxf4 20. Qxf4 Qd6 21. Qh4
Bd7 22. h6 g6 23. Qd4 Qe7 24. c5 Nc8 25. d6 Qxg5+ 26. Kb1 Qf6 27. Bc4+ Kh8 28.
Qxf6+ Rxf6 29. Nd5 Rf8 30. Nxc7 Rb8 31. Rhe1 a6 32. Be6 Bc6 33. Bxc8 Rbxc8 34.
d7 Rcd8 35. Ne6 Be4+ 36. Rxe4 fxe4 37. Nxf8 1-0

[Event "Det Ã¥pne NM 2013 Gruppe A"]
[Site "Quality Hotel & Resort Fagerne"]
[Date "2013.03.24"]
[Round "3"]
[White "Hauge, Lars Oskar"]
[Black "Andersen, Dag"]
[Result "1-0"]
[WhiteElo "2182"]
[BlackElo "1876"]
[PlyCount "69"]
[EventDate "2013.??.??"]

1. c4 e5 2. Nc3 Nc6 3. g3 Nf6 4. Bg2 Bc5 5. e3 a6 6. Nge2 d6 7. O-O O-O 8. Nd5
Nxd5 9. cxd5 Ne7 10. a3 c6 11. b4 Ba7 12. dxc6 bxc6 13. f4 exf4 14. Nxf4 Bd7
15. Bb2 Rc8 16. Nh5 f6 17. g4 Ng6 18. g5 Ne5 19. gxf6 gxf6 20. Rf4 Be6 21. Qe2
f5 22. Kh1 Rc7 23. Rg1 Kf7 24. Ng3 Ke8 25. Qh5+ Kd7 26. Bxe5 dxe5 27. Rff1 f4
28. Ne4 Kc8 29. Qxe5 Bd5 30. Rxf4 Rxf4 31. Nd6+ Kb8 32. Qxf4 Bxg2+ 33. Rxg2 Ka8
34. Rf2 Rd7 35. Nc4 1-0

[Event "Det Ã¥pne NM 2013 Gruppe A"]
[Site "Quality Hotel & Resort Fagerne"]
[Date "2013.03.24"]
[Round "3"]
[White "Ã˜stby, Martin BergsjÃ¸"]
[Black "Takle, Dan"]
[Result "0-1"]
[WhiteElo "1868"]
[BlackElo "2181"]
[PlyCount "44"]
[EventDate "2013.??.??"]

1. e4 e6 2. d4 d5 3. exd5 exd5 4. Bd3 Nc6 5. Nf3 Bg4 6. c3 Bd6 7. O-O Qd7 8.
Nbd2 O-O-O 9. Qa4 Kb8 10. Bb5 Nge7 11. Ne5 Bxe5 12. dxe5 f6 13. Nb3 Qc8 14.
exf6 gxf6 15. Nc5 Rhg8 16. Bf4 Ne5 17. Bg3 h5 18. Qf4 h4 19. Bxh4 N7g6 20. Qb4
Nxh4 21. Ba6 Bf3 22. g3 d4 0-1

[Event "Det Ã¥pne NM 2013 Gruppe A"]
[Site "Quality Hotel & Resort Fagerne"]
[Date "2013.03.24"]
[Round "4"]
[White "Volkov, Sergey"]
[Black "Agdestein, Simen"]
[Result "1/2-1/2"]
[WhiteElo "2593"]
[BlackElo "2555"]
[PlyCount "132"]
[EventDate "2013.??.??"]

1. d4 e6 2. c4 f5 3. g3 Nf6 4. Bg2 c6 5. Qc2 d6 6. e3 e5 7. Ne2 e4 8. O-O d5 9.
b3 Na6 10. Ba3 Bxa3 11. Nxa3 Qe7 12. Nb1 O-O 13. Nd2 Be6 14. a3 c5 15. Rfc1
Rac8 16. Qb2 dxc4 17. bxc4 b6 18. Rc3 Ne8 19. f3 Nd6 20. Rac1 Bf7 21. fxe4 fxe4
22. d5 g5 23. g4 Bg6 24. Ng3 Nb8 25. Qb1 Nd7 26. Rf1 Rxf1+ 27. Qxf1 Nf6 28. Qe2
Qe5 29. Rc1 a6 30. a4 Be8 31. Rb1 Rb8 32. a5 b5 33. Nh5 Bxh5 34. gxh5 g4 35. h6
Qg5 36. Qf2 Qxh6 37. Qg3 Rd8 38. cxb5 axb5 39. a6 Qg7 40. Qe5 Nfe8 41. Qe6+ Kh8
42. Nxe4 Nc7 43. Qf6 Qxf6 44. Nxf6 Kg7 45. Ne4 Nxe4 46. Bxe4 Kf6 47. a7 Ke5 48.
d6 Rxd6 49. a8=Q Nxa8 50. Bxa8 Rb6 51. Rd1 Rd6 52. Rb1 Rb6 53. Rc1 c4 54. Kf2
Ra6 55. Bg2 Ra2+ 56. Kg3 Ra3 57. Kxg4 Rxe3 58. Bf1 Kd4 59. h4 Re4+ 60. Kg3 h5
61. Rd1+ Kc3 62. Rd5 b4 63. Rxh5 b3 64. Rb5 b2 65. h5 Re5 66. Rxb2 Kd4 1/2-1/2

[Event "Det Ã¥pne NM 2013 Gruppe A"]
[Site "Quality Hotel & Resort Fagerne"]
[Date "2013.03.24"]
[Round "4"]
[White "Miezis, Normunds"]
[Black "Galinsky, Timofey"]
[Result "0-1"]
[WhiteElo "2552"]
[BlackElo "2416"]
[PlyCount "112"]
[EventDate "2013.??.??"]

1. c4 e6 2. e4 d5 3. exd5 exd5 4. d4 Nf6 5. Nc3 Be7 6. Nf3 O-O 7. Be2 Be6 8.
cxd5 Nxd5 9. O-O Nc6 10. Re1 a6 11. Bf1 Re8 12. h3 h6 13. Ne4 Bf5 14. Ng3 Bg6
15. a3 Bf6 16. Rxe8+ Qxe8 17. Bd3 Rd8 18. Bxg6 fxg6 19. Qd3 Qf7 20. Ne2 Nb6 21.
Be3 Nc4 22. Rc1 N4e5 23. Nxe5 Bxe5 24. b4 Bd6 25. Rd1 Ne7 26. Nc3 c6 27. Rb1
Nf5 28. a4 Kh7 29. Ne2 Nxe3 30. fxe3 Rf8 31. e4 Qf2+ 32. Kh1 Bxb4 33. e5 a5 34.
Ng1 Qf5 35. Qd1 c5 36. dxc5 Qxe5 37. Nf3 Qxc5 38. Rc1 Qd6 39. Qe2 Rd8 40. Qe4
Qd5 41. Qh4 Rf8 42. Qg4 Bd6 43. Re1 Rf4 44. Qe6 Qxe6 45. Rxe6 Bc5 46. Re8 Rxa4
47. Rd8 g5 48. g4 Re4 49. Rd7 b6 50. h4 gxh4 51. g5 Rf4 52. Kg2 Rg4+ 53. Kh2
hxg5 54. Rd5 Be7 55. Ne5 Re4 56. Kh3 a4 0-1

[Event "Det Ã¥pne NM 2013 Gruppe A"]
[Site "Quality Hotel & Resort Fagerne"]
[Date "2013.03.24"]
[Round "4"]
[White "Johannessen, Leif E"]
[Black "Drazic, Sinisa"]
[Result "0-1"]
[WhiteElo "2521"]
[BlackElo "2459"]
[PlyCount "76"]
[EventDate "2013.??.??"]

1. d4 d5 2. c4 e6 3. Nc3 a6 4. cxd5 exd5 5. Bf4 c6 6. e3 Bd6 7. Bxd6 Qxd6 8.
Bd3 Ne7 9. Qc2 g6 10. Nge2 Bf5 11. O-O O-O 12. f3 Bxd3 13. Qxd3 Nd7 14. Rad1
Rad8 15. Kh1 f6 16. Rfe1 Rf7 17. Qd2 Nf8 18. Nf4 Nf5 19. Qf2 Ng7 20. Nd3 Nfe6
21. b4 h5 22. Nc5 a5 23. Nxe6 Nxe6 24. bxa5 Qa3 25. Qc2 Kg7 26. Na4 Ra8 27. e4
dxe4 28. fxe4 Rxa5 29. Nc3 c5 30. d5 Nd4 31. Qd2 b5 32. e5 fxe5 33. Qe3 Kh7 34.
Rf1 Raa7 35. Rxf7+ Rxf7 36. Qd2 Qb4 37. d6 Qc4 38. Ne4 Qf1+ 0-1

[Event "Det Ã¥pne NM 2013 Gruppe A"]
[Site "Quality Hotel & Resort Fagerne"]
[Date "2013.03.24"]
[Round "4"]
[White "Ninov, Nikolai"]
[Black "Gullaksen, Eirik"]
[Result "1-0"]
[WhiteElo "2508"]
[BlackElo "2391"]
[PlyCount "69"]
[EventDate "2013.??.??"]

1. e4 c5 2. Nf3 Nc6 3. d4 cxd4 4. Nxd4 Nf6 5. Nc3 e5 6. Ndb5 d6 7. Bg5 a6 8.
Na3 b5 9. Bxf6 gxf6 10. Nd5 Bg7 11. g3 f5 12. exf5 Bxf5 13. Bg2 Be6 14. c3 O-O
15. O-O Rb8 16. Nc2 a5 17. Nce3 Qd7 18. Qh5 f5 19. g4 fxg4 20. Be4 h6 21. Qg6
Rf7 22. f3 gxf3 23. Qh7+ Kf8 24. Bxf3 Bxd5 25. Nxd5 Qf5 26. Qxf5 Rxf5 27. Ne3
Rg5+ 28. Kf2 e4 29. Bxe4 Ne7 30. Ke2+ Kg8 31. Rad1 Be5 32. h3 b4 33. Ng4 bxc3
34. Nxh6+ Kg7 35. Rf7+ 1-0

[Event "Det Ã¥pne NM 2013 Gruppe A"]
[Site "Quality Hotel & Resort Fagerne"]
[Date "2013.03.24"]
[Round "4"]
[White "Hauge, Lars Oskar"]
[Black "Turov, Maxim"]
[Result "0-1"]
[WhiteElo "2182"]
[BlackElo "2599"]
[PlyCount "78"]
[EventDate "2013.??.??"]

1. c4 e5 2. g3 Nc6 3. Bg2 Bc5 4. Nc3 d6 5. e3 Bf5 6. d3 Qd7 7. a3 a6 8. h3 Nge7
9. Nge2 Ba7 10. b4 O-O 11. Bb2 Rae8 12. Qd2 Be6 13. Rc1 Nd8 14. Ne4 h6 15. d4
f5 16. d5 Bf7 17. N4c3 Bh5 18. O-O Ng6 19. Kh2 Nf7 20. Rce1 Ng5 21. f4 Bxe3 22.
Qxe3 exf4 23. Qd2 f3 24. Nf4 fxg2 25. Kxg2 Nxf4+ 26. gxf4 Ne4 27. Qd4 Nf6 28.
Kh2 Rxe1 29. Rxe1 Re8 30. Qd2 Re7 31. Kg2 Rxe1 32. Qxe1 c6 33. Qe3 Bf7 34. Qd4
cxd5 35. cxd5 Bxd5+ 36. Nxd5 Qc6 37. Qc3 Qxd5+ 38. Kh2 Kh7 39. Kg1 Qe4 0-1

[Event "Det Ã¥pne NM 2013 Gruppe A"]
[Site "Quality Hotel & Resort Fagerne"]
[Date "2013.03.24"]
[Round "4"]
[White "Salomon, Johan"]
[Black "Urkedal, Frode Olav Olsen"]
[Result "1/2-1/2"]
[WhiteElo "2115"]
[BlackElo "2470"]
[PlyCount "119"]
[EventDate "2013.??.??"]

1. e4 e5 2. Nf3 Nc6 3. Bb5 a6 4. Ba4 Nf6 5. O-O Be7 6. d3 b5 7. Bb3 d6 8. a4 b4
9. a5 O-O 10. Nbd2 Rb8 11. Re1 Be6 12. Bxe6 fxe6 13. Nb3 Qc8 14. Qe2 Nd8 15. d4
exd4 16. Nbxd4 c5 17. Nb3 Nd7 18. Bg5 Bxg5 19. Nxg5 Ne5 20. Red1 h6 21. Nh3 c4
22. Nd4 Qc5 23. b3 Rc8 24. Kh1 Nec6 25. Nxc6 Rxc6 26. Qxc4 Qxc4 27. bxc4 Nb7
28. Ra4 Rxc4 29. c3 Rxe4 30. Rxb4 Rxb4 31. cxb4 Rf5 32. Rc1 Rb5 33. Rc4 d5 34.
Rc6 Rxb4 35. g3 e5 36. Rxa6 Ra4 37. Re6 e4 38. a6 Nc5 39. Re5 Nd3 40. Rxd5 Ra1+
41. Kg2 Ne1+ 42. Kf1 Nf3+ 43. Kg2 g5 44. a7 Rxa7 45. Rd1 Ra2 46. Ng1 g4 47.
Nxf3 gxf3+ 48. Kf1 Kf7 49. Re1 Ra4 50. Rb1 Ke6 51. Ke1 Ra2 52. Rb8 Re2+ 53. Kf1
Ra2 54. Ke1 Kf5 55. h3 Ra1+ 56. Kd2 Rf1 57. Rb5+ Kf6 58. Ke3 Re1+ 59. Kf4 Re2
60. Rf5+ 1/2-1/2

[Event "Det Ã¥pne NM 2013 Gruppe A"]
[Site "Quality Hotel & Resort Fagerne"]
[Date "2013.03.24"]
[Round "4"]
[White "Bentsen, HÃ¥kon"]
[Black "Arvola, Benjamin"]
[Result "0-1"]
[WhiteElo "2106"]
[BlackElo "2355"]
[PlyCount "112"]
[EventDate "2013.??.??"]

1. e4 c5 2. Nf3 Nc6 3. d4 cxd4 4. Nxd4 Nf6 5. Nc3 e5 6. Ndb5 h6 7. Nd6+ Bxd6 8.
Qxd6 Qe7 9. Nb5 Qxd6 10. Nxd6+ Ke7 11. Nf5+ Kf8 12. Bd3 Nb4 13. Bd2 a5 14. Be3
d5 15. Bc5+ Kg8 16. Ne7+ Kh7 17. Nxd5 Nbxd5 18. exd5+ e4 19. Bc4 Bd7 20. Bd4
Rhc8 21. Be2 Nxd5 22. c3 Bc6 23. O-O Nf4 24. Rfe1 Re8 25. Bf1 a4 26. c4 Nd3 27.
Red1 a3 28. Bxd3 exd3 29. bxa3 Be4 30. Bc3 Rec8 31. Bb4 Rxc4 32. f3 Bg6 33. Rd2
Rc2 34. Kf2 h5 35. Rad1 h4 36. g3 Kh6 37. gxh4 Kh5 38. Kg3 Bf5 39. Kf4 g6 40.
Kg3 Re8 41. a4 Rc4 42. a3 Re3 43. Kf2 Re8 44. Kg3 Rxh4 45. Rc1 Re3 46. Kf2 Re2+
47. Rxe2 Rxh2+ 48. Kg3 Rxe2 49. Kf4 Rh2 50. Rc5 Kh4 51. Rd5 Kh3 52. Ke5 Re2+
53. Kf6 Kg3 54. Rb5 Be6 55. Rxb7 d2 56. Bxd2 Rxd2 0-1

[Event "Det Ã¥pne NM 2013 Gruppe A"]
[Site "Quality Hotel & Resort Fagerne"]
[Date "2013.03.24"]
[Round "4"]
[White "Getz, Nicolai"]
[Black "Taksrud, Vidar"]
[Result "1-0"]
[WhiteElo "2352"]
[BlackElo "2089"]
[PlyCount "67"]
[EventDate "2013.??.??"]

1. d4 Nf6 2. c4 e6 3. Nc3 Bb4 4. Qc2 c5 5. dxc5 Qa5 6. Bd2 Qxc5 7. e3 Nc6 8. a3
Bxc3 9. Bxc3 a5 10. Nf3 e5 11. Be2 d6 12. O-O O-O 13. b4 Qa7 14. Rfd1 Rd8 15.
b5 Ne7 16. Nxe5 Bf5 17. Nd3 Ne4 18. Bd4 b6 19. f3 Ng5 20. e4 Ne6 21. Be3 Bg6
22. Bf1 f5 23. Qf2 Nc5 24. e5 f4 25. Bxc5 bxc5 26. exd6 Rxd6 27. Nxc5 Rad8 28.
Rxd6 Rxd6 29. Ne4 Qxf2+ 30. Nxf2 Rd4 31. c5 Bc2 32. Rc1 Ba4 33. Ne4 Nf5 34. c6
1-0

[Event "Det Ã¥pne NM 2013 Gruppe A"]
[Site "Quality Hotel & Resort Fagerne"]
[Date "2013.03.24"]
[Round "4"]
[White "Svensen, Tarjei Joten"]
[Black "Byklum, BjÃ¸rnar"]
[Result "1/2-1/2"]
[WhiteElo "2085"]
[BlackElo "2296"]
[PlyCount "44"]
[EventDate "2013.??.??"]

1. d4 Nf6 2. Nf3 c5 3. d5 b5 4. c4 g6 5. cxb5 a6 6. b6 d6 7. Nc3 Bg7 8. e4 Nbd7
9. h3 O-O 10. Be2 Nxb6 11. O-O e6 12. dxe6 fxe6 13. e5 Nfd5 14. Bg5 Qc7 15. Ne4
dxe5 16. Rc1 Nd7 17. Qd2 Bb7 18. b4 Nf4 19. Bxf4 exf4 20. Nxc5 Nxc5 21. Rxc5
Qe7 22. Rfc1 Bd5 1/2-1/2